Základy mzdovej politiky na Slovensku

Enregistré dans:
Détails bibliographiques
Format: Livre
Langue:slovaque
Publié: Bratislava Práca 1949
Tags: Ajouter un tag
Pas de tags, Soyez le premier à ajouter un tag!

MARC

LEADER 00000nam a2200000 4500
001 0308553
005 20250513110554.7
041 0 |a slo 
044 |a SK 
245 1 0 |a Základy mzdovej politiky na Slovensku  |c Inocent Dračka 
264 1 |a Bratislava  |b Práca  |c 1949